|
|
|
|
| LEADER |
00000nas a2200000 i 4500 |
| 001 |
ssj0000627453 |
| 003 |
WaSeSS |
| 005 |
20200512172242.0 |
| 006 |
m d |
| 007 |
cr n |
| 008 |
110322d20132015enkar p s 0 a0eng |
| 010 |
|
|
|a 2011201173
|
| 015 |
|
|
|a GBB725071
|2 bnb
|
| 016 |
7 |
|
|a 2705476-7
|2 DE-600
|
| 016 |
7 |
|
|a 017707612
|2 Uk
|
| 022 |
|
|
|a 2160-6110
|y 2160-6099
|
| 035 |
|
|
|a (WaSeSS)ssj0000627453
|
| 037 |
|
|
|b Taylor & Francis Group, 4 Park Square, Milton Park, Abingdon, Oxfordshire, OX14 4RN, UK
|
| 040 |
|
|
|a DLC
|b eng
|e pn
|c DLC
|d DEBBG
|d OCLCQ
|d DLC
|d DHA
|d OCLCO
|d OCLCF
|d OCLCO
|d UKMGB
|d VT2
|d UAB
|d U3W
|d COO
|d DLC
|d WaSeSS
|
| 042 |
|
|
|a pcc
|a nsdp
|
| 050 |
0 |
0 |
|a TK7871.85
|
| 082 |
1 |
0 |
|a 621
|2 15
|
| 210 |
0 |
|
|a J. org. semicond.
|b (Online)
|
| 222 |
|
0 |
|a Journal of organic semiconductors
|b (Online)
|
| 245 |
0 |
0 |
|a Journal of organic semiconductors
|h [electronic resource].
|
| 260 |
|
|
|a Abingdon, England :
|b Taylor & Francis Group :
|b Informa Business,
|c 2013-
|
| 310 |
|
|
|a Annual
|
| 321 |
|
|
|a Quarterly
|
| 362 |
1 |
|
|a Began with Volume 1, Issue 1 (2013); ceased with: Volume 3, issue 1 (2015).
|
| 506 |
|
|
|a License restrictions may limit access.
|
| 588 |
|
|
|a Description based on: Volume 1, Issue 1 (2013); title from journal home page (publisher's website viewed Aug. 12, 2014).
|
| 588 |
|
|
|a Latest issue consulted: Volume 3, Issue 1 (2015) (Taylor & Francis, viewed Mar. 23, 2020).
|
| 650 |
|
0 |
|a Semiconductors
|v Periodicals.
|
| 650 |
|
7 |
|a Semiconductors.
|2 fast
|0 (OCoLC)fst01112198
|
| 655 |
|
0 |
|a Electronic journals.
|
| 776 |
0 |
8 |
|i Print version:
|t Journal of organic semiconductors
|x 2160-6099
|w (DLC) 2011201172
|w (OCoLC)708090479
|
| 850 |
|
|
|a DLC
|
| 856 |
4 |
0 |
|z Full text available from Research Library: 12/01/2014 to 12/31/2015
|u https://search.proquest.com/publication/3933131
|